000 01133nam a22002537a 4500
005 20121010141910.0
008 121010t xxu||||| |||| 00| 0 mar d
010 _aMAR-22893
020 _c200.00
_a9788184984392
035 _aMR-15551
037 _bDBAD/PUB
040 _aDPL
_bMR
082 _a891.46301
100 _953016
_aमिरासदार, द.मा.
245 _aएक मित्र होता /
_cद.मा.मिरासदार
246 _aEk Mitra Hota
_bby D.M.Mirasdar
260 _aपुणे
_bमेहता पब्लिशिंग हाऊस
_c2012
270 _bपुणे
_a1941,सदाशिव पेठ,माडीवाले कॉलनी,
_e411030
300 _a194पृ
_c21सेमी(अजिल्द)
650 _aमराठी कथासंग्रह
_954476
650 _aEnglish Short Stories
_954477
942 _2ddc
_cMR
_mमिरास
_h891.46301
999 _c72375
_d72375